[Event "GER-chT U10"]
[Site "Magdeburg"]
[Date "2016.12.28"]
[Round "3.4"]
[White "Koenen, Hugo"]
[Black "Sassenscheidt, Julius"]
[Result "0-1"]
[WhiteElo "600"]
[BlackElo "787"]
[PlyCount "30"]
[EventDate "2016.12.27"]
[EventType "team-swiss"]
[EventRounds "7"]
[EventCountry "GER"]
[SourceTitle "EXT 2018"]
[Source "ChessBase"]
[SourceDate "2017.10.13"]
[SourceVersion "1"]
[SourceVersionDate "2017.10.13"]
[SourceQuality "1"]
[WhiteTeam "Langenfeld"]
[BlackTeam "Eilendorf Arminia"]
[WhiteTeamCountry "GER"]
[BlackTeamCountry "GER"]

1. e4 d5 2. d4 dxe4 3. Nc3 Nf6 4. Nge2 Bg4 5. f3 Bf5 6. fxe4 Nxe4 7. Nxe4 Bxe4 8. c3 e6 9. Ng3 Bg6 10. Bf4 Bd6 11. Qf3 Nc6 12. 0-0-0 Bxf4+ 13. Qxf4 Qd5 14. b4 Qxa2 15. Qd2 Qa1# 0-1